Telesný tep a jeho využitie v inteligentných zariadeniach

Na minha lista:
Detalhes bibliográficos
Autor principal: Grech, Erik (Author)
Outros Autores: Čavojský, Maroš (Thesis advisor)
Formato: Manuscrito Livro
Idioma:eslovaco
Publicado em: Bratislava : STU v Bratislave, FEI, 2020
Assuntos:
Acesso em linha:https://opac.crzp.sk/?fn=detailBiblioForm&sid=F5195A1FF5FC85745642ADDFA517&seo=CRZP-detail-kniha
Tags: Adicionar Tag
Sem tags, seja o primeiro a adicionar uma tag!

MARC

LEADER 00000ntm a22000003a 4500
001 stuzp72520
003 SK-STU
005 20200721113837.4
007 ta
008 150427s2015----xo-----f-mn---000-0-slo-d
040 |a STU  |b slo 
041 0 |a slo 
044 |a xo 
100 1 |a Grech, Erik  |u 035000  |4 aut  |U FEI Fakulta elektrotechniky a informatiky  |T FEI Ústav informatiky a matematiky  |X 74670  |U E050  |Y 816  |7 74670 
242 0 1 |a Heart rate in intelligent devices  |y eng 
245 1 0 |a Telesný tep a jeho využitie v inteligentných zariadeniach 
260 |a Bratislava :  |b STU v Bratislave, FEI,  |c 2020 
300 |a 71 s. 
650 4 |a hudba  |2 slo 
650 4 |a pulz  |2 slo 
650 4 |a android  |2 slo 
650 4 |a heartrate  |2 eng 
650 4 |a android  |2 eng 
650 4 |a music  |2 eng 
700 1 |a Čavojský, Maroš  |u 035000  |k Z8  |4 ths  |U FEI Fakulta elektrotechniky a informatiky  |T FEI Ústav informatiky a matematiky  |X 64790  |U E050  |Y 816  |7 A000064790 
856 4 |u https://opac.crzp.sk/?fn=detailBiblioForm&sid=F5195A1FF5FC85745642ADDFA517&seo=CRZP-detail-kniha